000 00959nam a22001937a 4500
005 20250205182435.0
008 240827b ||||| |||| 00| 0 eng d
082 _aDPer 155.205 J826 July-September 2019 v. 117 n. 1-3
100 _aCross, Emily J.
_eauthor.
_959121
245 _aAn interdependence account of sexism and power :
_bmen's hostile sexism, biased perceptions of low power, and relationship aggression /
_cEmily J. Cross, Nickola C. Overall, Rachel S. T. Low, and James K. McNulty.
260 _aWashington ;
_bAmerican Psychological Association,
_cAugust 2019.
300 _avolume 117, pages 338-363,
_billustration.
500 _aJournal of Personality and Social Psychology vol. 117, no. 2, pages 338-363, August 2019.
700 _aCross, Emily J.
_eauthor.
_959121
700 _aOverall, Nickola C.
_eauthor.
_959122
700 _aLow, Rachel S. T.
_eauthor.
_959123
700 _aMcNulty, James K.
_eauthor.
_941023
942 _2ddc
_cPER
999 _c20945
_d20945